000
00347nam a22001577a 4500
003
OSt
008
250425b |||||||| |||| 00| 0 eng d
020
_a
9780140447934
100
_a
TOLSTOY,Leo
245
_a
War and Peace
250
_a
5th
260
_a
United kingdom
_b
Penguin
_c
2005
300
_a
1399
650
_a
General
942
_2
ddc
_c
BK
999
_c
13438
_d
13438